| 000 | 00738nam a2200265 a 4500 | ||
|---|---|---|---|
| 001 | 26425 | ||
| 003 | CO-ViMGA | ||
| 008 | 141112s2004 ck r 000 u spa d | ||
| 020 | _a9789588787473 | ||
| 040 |
_aCO-ViMGA _bspa _cCO-ViMGA |
||
| 041 | _aSPA | ||
| 090 | _aP VALL11 | ||
| 100 | 1 |
_aVallejo, César, 1892 - 1938 _941128 |
|
| 245 | 1 | 0 |
_aPoemas humanos / _cCesar Vallejo |
| 250 | _a1a ed. | ||
| 260 |
_aBogotá : _bMestas, _c2014 |
||
| 300 | _a192 p. | ||
| 490 | _aClásicos Universales | ||
| 650 | 1 | 4 |
_aAUTORES PERUANOS _941129 |
| 650 | 1 | 4 |
_aCONDICIÓN HUMANA - POESÍA _941130 |
| 650 | 1 | 4 |
_aDESESPERACIÓN - POESÍA _941131 |
| 650 | 1 | 4 |
_aEROTISMO - POESIA _941132 |
| 650 | 1 | 4 |
_aLITERATURA PERUANA _915107 |
| 942 |
_2ddc _cBK |
||
| 999 |
_c2389 _d2389 |
||